| 000 | 00970nam a22003017a 4500 | ||
|---|---|---|---|
| 003 | CHAP | ||
| 005 | 20220329140958.0 | ||
| 008 | 971013s1991 r 00010 d | ||
| 010 | _a60834 | ||
| 011 | _a61806 | ||
| 035 | _a65974 | ||
| 040 | _cCHAP | ||
| 090 | _aFolleto 14697 | ||
| 110 |
_aMéxico. Leyes, decretos, etc. _977071 |
||
| 245 | _aDecreto depósito legal | ||
| 260 |
_aMéxico, D. F. : _bBiblioteca Nacional México, _c1991 |
||
| 300 | _aHoja desplegable | ||
| 590 |
_aBATCH-UPD _b10 _c20130110 _lUCH01 _h0414 |
||
| 590 |
_aBATCH-UPD _b10 _c20130410 _lUCH01 _h0049 |
||
| 590 |
_aBATCH-UPD _b10 _c20130914 _lUCH01 _h1724 |
||
| 590 |
_aCONVERSION _b10 _c20130109 _lUCH01 _h1333 |
||
| 650 | 1 | 4 |
_aLibros _xDepósito legal. _966661 |
| 901 | _aBK | ||
| 942 | _cFOLL | ||
| 949 |
_aFolleto 14697 _bBC _cFOLL _d-150895 _eTS1 _i65974 _si |
||
| 949 |
_aFolleto 14697 _bBC _cFOLL _d-150896 _eTS2 _fc.2 _i65974 _si |
||
| 949 |
_aFolleto 14697 _bBC _cFOLL _d-150897 _eTS2 _fc.3 _i65974 _si |
||
| 999 |
_c60834 _d60834 |
||